Statistiques concernant Pays où So Yesterday d'Hilary Duff s'est classé dans les charts

Cliquez ici pour prendre le quiz!

Statistiques générales

  • Ce quiz a été pris 6 fois
  • Le résultat moyen est 15 sur 18

Statistiques - réponses

Positions dans les chartsPays% Correct
46Allemagne
100%
11Belgique
100%
2Canada
100%
17Espagne
100%
42États Unis
100%
8France
100%
18Italie
100%
8Mexique
100%
9Royaume Uni
100%
28Suisse
100%
8Australie
80%
54Brésil
80%
6Irlande
80%
8Japon
80%
23Nouvelle Zélande
60%
4Pays Bas
60%
1Singapour
20%
6Taiwan
20%

Distribution des résultats

Percentile par nombre de réponses

% des personnes avec chaque résultat

Votre développement - résultats

Vous n’avez pas pris ce quiz